000 01176cam a22002174a 4500
005 20250605164021.0
008 250528s ||||||||||||||||||||||||d
035 _a16336
020 _a6726094
040 _aGR-AtMCL
_bgre
_dGR-AtMCL
_eAACR2
245 1 _aArts and the Public
260 _bThe University Of Chicago Press,
_c1967
300 _a268
505 0 _aIntroduction, Skepticism and the Depth of Life, How Things Are, Culture and Humanity, Season of Counterfeit, On, The Unprincipled and Inconsequential Critic, Where the People Are, The Double Standard, Art Critisism Confidential, The Vanishing Spectator, Conversations on the Arts, The Visual Arts, Drama, Fiction, Art and Education.
520 _aIntroduction, Skepticism and the Depth of Life, How Things Are, Culture and Humanity, Season of Counterfeit, On, The Unprincipled and Inconsequential Critic, Where the People Are, The Double Standard, Art Critisism Confidential, The Vanishing Spectator, Conversations on the Arts, The Visual Arts, Drama, Fiction, Art and Education.
700 1 _aHerring Paul D
_92420
700 1 _aMiller James E
_92421
942 _cBK
999 _c1848
_d1848